कहानी का वर्तमान / (Record no. 38446)

MARC details
000 -LEADER
fixed length control field 01033nam a22002177a 4500
005 - DATE AND TIME OF LATEST TRANSACTION
control field 20100731150541.0
010 ## - LCCN (DPL NO)
LC control number HIN-89909
020 ## - INTERNATIONAL STANDARD BOOK NUMBER
Terms of availability 150.00
035 ## - SYSTEM CONTROL NUMBER
System control number HN-62255
037 ## - SOURCE OF ACQUISITION
Source of stock number/acquisition DBAD/PUB
082 ## - DEWEY DECIMAL CLASSIFICATION NUMBER
Classification number 823.09
100 ## - MAIN ENTRY--PERSONAL NAME
Personal name शर्मा, जानकीप्रसाद
245 ## - TITLE STATEMENT
Title कहानी का वर्तमान /
Statement of responsibility, etc जानकीप्रसाद शर्मा
246 ## - VARYING FORM OF TITLE
Title proper/short title Kahani Ka Vartman
Remainder of title by Janaki Prasad Sharma
260 ## - PUBLICATION, DISTRIBUTION, ETC. (IMPRINT)
Place of publication, distribution, etc दिल्ली
Name of publisher, distributor, etc राजसूर्य प्रकाशन
Date of publication, distribution, etc 2000
270 ## - ADDRESS
Address डी ब्लाक, 2/41-ए, गांवडी एक्सटेंशन, भजनपुरा
City दिल्ली
Postal code 110053
300 ## - PHYSICAL DESCRIPTION
Extent 151पृ.
Dimensions 22सेमी (सजिल्द)
700 ## - ADDED ENTRY--PERSONAL NAME
9 (RLIN) 1054
942 ## - ADDED ENTRY ELEMENTS (KOHA)
Source of classification or shelving scheme Dewey Decimal Classification
Item type Hindi Books
Classification part 823.09
Call number suffix शर्माजा
Holdings
Withdrawn status Lost status Not for loan Collection code Home library Current library Date acquired Source of acquisition Cost, normal purchase price Full call number Barcode Copy number Cost, replacement price Koha item type
    Not For Loan Non-fiction D.B.Act.Division D.B.Act.Division 31/07/2010 DBAD / PUB 150.00 823.09 शर्माजा HN-62255 1 150.00 Hindi Books

© Delhi Public Library
Hit Counter
free hit counter